Statistics for Top 50 Imagine Dragons songs

Click here to take the quiz!

General Stats

  • This quiz has been taken 22 times
  • The average score is 16 of 50

Answer Stats

AlbumSong% Correct
Mercury - Act 2Bones
71%
Night VisionsDemons
67%
Arcane SoundtrackEnemy
67%
Mercury - Act 1My Life
57%
Mercury - Act 1Wrecked
52%
EvolveRise Up
48%
EvolveWalking the Wire
48%
Origins (Deluxe)Birds
43%
Smoke + MirrorsDream
43%
Mercury - Act 1Giants
43%
Night Visions/It’s Time EPAmsterdam
38%
Night VisionsBleeding Out
38%
Mercury - Act 1Dull Knives
38%
EvolveMouth of the River
38%
Mercury - Act 1No Time For Toxic People
38%
Smoke + MirrorsSmoke and Mirrors
38%
EvolveStart Over
38%
OriginsBullet in a Gun
33%
OriginsCool Out
33%
Mercury - Act 1It’s Ok
33%
Passengers SoundtrackLevitate
33%
Mercury - Act 1Lonely
33%
Smoke + MirrorsPolaroid
33%
2015 SingleRoots
33%
Origins (Deluxe)Burn Out
29%
Hell and Silence EPEasy
29%
Hell and Silence EPEmma
29%
Smoke + MirrorsHopeless Opus
29%
EvolveI Don’t Know Why
29%
Smoke + MirrorsIt Comes Back to You
29%
It’s Time EPLeave Me
29%
Smoke + MirrorsThe Fall
29%
It’s Time EPTokyo
29%
Hell and Silence EPAll Eyes
24%
Unreleased/iTunes Sessions EPDestination
24%
Imagine Dragons EPDrive
24%
Night VisionsEvery Night
24%
Origins (Deluxe)Real Life
24%
Smoke + Mirrors (Deluxe)Second Chances
24%
Night Visions (Deluxe)/It’s Time EPThe River
24%
Night VisionsTiptoe
24%
Imagine Dragons EPUptight
24%
OriginsBoomerang
19%
It’s Time EPDolphins
19%
Smoke + MirrorsI’m So Sorry
19%
Smoke + Mirrors (Deluxe)Thief
19%
Frankenweenie UnleashedLost Cause
14%
Night Visions (Deluxe)Fallen
5%
Speak to Me EPThe Pit
5%
2008 DemosUnseen
5%

Score Distribution

Percentile by Number Answered

Percent of People with Each Score

Your Score History

You have not taken this quiz